00896nam a2200241 i 4500001001000000003000900010005001700019007000300036008004100039040003000080041000800110082002000118100003200138245018200170264004400352300004500396336002700441337003400468338003100502700003600533700004700569700003800616000029081DO-SdBNP20250617140228.0ta110413s1987 dr a 000 0 spa d aDO-SdBNPbspacBNPHUerda aspa 4axxxxbV335g2221 aVásquez, Anaeautor4aut.10aGuía necesariamente insegura para una mujer que ayer tarde dijo :byo no soy feminista /cAna Vásquez, Mercedes Sayaguez y Angela Hernández ; edición José Rafael Sosa. aSanto Domingo :bEditora Búho,c1987. a30 páginas :bilustraciones ;c21 cm. atextobtxt2rdacontent asin mediación bn2rdamedia avolumen bnc2rdacarrier 1 aSayaguez, Mercedeseautor4aut.1 aHernández, Ángela,d1954-eautor4aut.1 aSosa, José Rafael,eeditor4ed.